01207nam a2200277 i 45000010005000000030009000050050017000140080041000310200018000720800039000900800036001292450151001652500012003162600094003283000038004224900053004605040031005136000053005447000039005977100067006368300059007038520022007629420008007849990015007929520122008075891ES-MaACL20250321174945.0890613s1987 sp aco |||| |bspa d a84-7658-055-X a860 Torrente Ballester,Gonzalo1.06 a929 Torrente Ballester, Gonzalo00aGonzalo Torrente Ballester b: premio de literatura en lengua castellana "Miguel de Cervantes" (1985) / c[Alicia Giménez Bartlett... (et al.)]. a1ª ed. aBarcelona : bAnthropos ; aMadrid : Dirección General del Libro y Bibliotecas, c1987. a109 p. : bfot., retr. ; c20 cm.1 aÁmbitos literarios. aPremios Cervantes ; v11 aBibliografía: p. 81-108.14aTorrente Ballester, Gonzalo, d1910-199991108501 aGiménez Bartlett, Alicia.9570331 aEspaña. bDirección General del Libro y Bibliotecas.9378800aÁmbitos literarios.pPremios Cervantes ;v119236240 aES-MaACLjL-13026 2udc c5891d5891 00104070aATENEOMbATENEOMcDEPO2d2008-01-17eSCl0oL-13026p1005985r2023-02-23 00:00:00w2023-02-23yMONOGRAFIA